000
00200 a2200097 4500
001
51727
100
_a
Trevanian
245
_a
Summer of Katya
260
_a
London
_b
Granada
_c
090
_c
32710
_d
32710
942
_a
NUST-CAE
_c
M
_c
25237
999
_c
286800
_d
286800